000 01043nam a22003377a 4500
003 CHAP
005 20220329141522.0
008 971013s1988 r 00010 d
010 _a69442
011 _a70414
035 _a79895
040 _cCHAP
090 _aFolleto 12385
110 _aPrograma de las Naciones Unidas para el Medio Ambiente
_992307
245 _aCuidar el agua
260 _aNairobi, Kenia :
_bPNUMA. Dossier ambiental; 6,
_c[1988?]
300 _a[8] h.
490 _aPNUMA. Dosier ambiental
_v; 6
500 _a34-96
590 _aBATCH-UPD
_b10
_c20130110
_lUCH01
_h1317
590 _aBATCH-UPD
_b10
_c20130410
_lUCH01
_h0828
590 _aBATCH-UPD
_b10
_c20130914
_lUCH01
_h0306
590 _aCONVERSION
_b10
_c20130109
_lUCH01
_h1338
650 1 4 _aAgua
_xAbastecimiento.
_92223
650 1 4 _aAgua
_xConservacion.
_92319
650 1 4 _aAgua
_xContaminación.
_92351
830 0 _aPNUMA. Dosier ambiental
_v; 6
_989332
901 _aBK
942 _cFOLL
949 _aFolleto 12385
_bBC
_cFOLL
_d-32785
_eTS1
_i79895
_mD
_si
999 _c69442
_d69442